|
|
|
|
| LEADER |
01124nam a22002417a 4500 |
| 001 |
AAL6993 |
| 003 |
BD-DhAAL |
| 008 |
151230m20032001naua|||| |||| 00| 0 eng d |
| 020 |
|
|
|a 0021905614
|
| 040 |
|
|
|a BD-DhAAL
|c BD-DhAAL
|
| 082 |
|
|
|a 372.4
|
| 100 |
|
|
|a Flood, James
|9 17069
|
| 245 |
|
|
|a Macmillan/McGraw-Hill reading /
|c James Flood...[at al.].
|
| 260 |
|
|
|a New York :
|b Macmillan McGraw-Hill,
|c c2003.
|
| 300 |
|
|
|a 414 p. :
|b ill. ;
|c 28 cm.
|
| 541 |
|
|
|e 6993
|
| 650 |
|
|
|a Reading (Elementary)
|9 17070
|
| 650 |
|
|
|a Language arts (Elementary)
|9 17071
|
| 942 |
|
|
|2 ddc
|c BK
|
| 999 |
|
|
|c 36477
|d 36477
|
| 952 |
|
|
|0 0
|1 0
|2 ddc
|4 0
|6 372_400000000000000_FLO
|7 0
|9 57430
|a SCL
|b SCL
|c GEN
|d 2015-12-30
|e Gift: The Asia Foundation
|l 0
|o 372.4 FLO
|p 3020006993
|r 2015-12-30
|t 1
|w 2015-12-30
|y BK
|
| 952 |
|
|
|0 0
|1 0
|2 ddc
|4 0
|6 372_400000000000000_FLO
|7 0
|9 57554
|a SCL
|b SCL
|c GEN
|d 2016-01-10
|e Gift: The Asia Foundation
|l 1
|o 372.4 FLO
|p 3020006992
|r 2020-01-21
|s 2020-01-16
|t 2
|w 2016-01-10
|y BK
|
| 952 |
|
|
|0 0
|1 0
|2 ddc
|4 0
|6 372_400000000000000_FLO
|7 0
|9 58948
|a SCL
|b SCL
|c GEN
|d 2016-05-09
|e Gift: The Asia Foundation
|l 0
|o 372.4 FLO
|p 3020007416
|r 2016-05-09
|t 3
|w 2016-05-09
|y BK
|